000 00835nam a22001937a 4500
003 BDDh-ASL
005 20231016062621.0
008 230401s1998 b ||||| |||| 00| 0 b d
040 _cBDDh-ASL
041 _abengali
082 _a928
_bALB
100 1 _aআলী, আ. শ. ম. বাবর
_97828
245 1 _aবাঙালী মুসলিম পুনর্জাগরনে কয়েকজন বাঙালী সাহিত্য-সাধক /
246 _aBangali Muslim Punarjagarane Koekjon Bangali Sahitya Sadhak.
260 _aঢাকা:
_bইসলামিক ফাউন্ডেশন বাংলাদেশ,
_c১৯৯৮।
300 _a৬২ পৃষ্ঠা:
_c২২ সে.মি.
650 0 _abiographical dictionary - চরিতাভিধান
_94665
942 _2ddc
_cBK
999 _c31601
_d31601